| 000 | 00645nam a2200217Ia 4500 | ||
|---|---|---|---|
| 008 | 191130s2009##################000#0#eng## | ||
| 020 | _a9780230555181 | ||
| 040 |
_aACL _cACL |
||
| 082 | _a332.722 HAW | ||
| 100 | _aHawtrey, Kim | ||
| 245 |
_aAffordable housing finance _cKim Hawtrey |
||
| 260 |
_aBasingstoke, Hampshire _bPalgrave Macmillan _c2009 |
||
| 300 | _axix, 180 p. : ill. ; 22 cm | ||
| 500 | _aIncludes bibliographical references (p. 164-176) and index | ||
| 650 | _aHousing | ||
| 650 | _aHousing - Finance | ||
| 650 | _aHousing policy | ||
| 990 | _a70d41667ac10000c45d22bb672a48b4a | ||
| 991 | _a185348 | ||
| 999 |
_c364107 _d364107 |
||